[Event "Miedzynarodowy Festiwal Szachowy VARSOVIA 2019 - grupa A"]
[Site "Warszawa"]
[Date "1899-12-30"]
[Round "6.18"]
[White "Luczak, Filip"]
[Black "Starosta, Martyna"]
[Result "1/2-1/2"]
[WhiteTitle "CM"]
[BlackTitle "WCM"]
[WhiteElo "2137"]
[BlackElo "2019"]

1. c4 e5 2. Nc3 Nf6 3. Nf3 Nc6 4. e3 d6 5. Be2 e4 6. Ng5 Bf5 7. f3 exf3 8. Nxf3
g6 9. O-O Bg7 10. d3 O-O 11. e4 Bg4 12. Bg5 h6 13. Bh4 Bxf3 14. Rxf3 g5 15. Bg3
Nd4 16. Rf1 Nd7 17. Bg4 Ne5 18. Bf5 a6 19. Ne2 Nec6 20. Nxd4 Nxd4 21. Qh5 Rb8
22. Rad1 b5 23. b3 a5 24. Kh1 a4 25. bxa4 bxa4 26. Rd2 a3 27. Rdf2 Rb2 28. h3
Qe7 29. Qd1 Rfb8 30. Bg4 Rxf2 31. Bxf2 Rb2 32. Bxd4 Bxd4 33. Bh5 Rxa2 34. Qb3
Ra1 35. Rxa1 Bxa1 36. Qxa3 Bd4 37. Qa8+ Kg7 38. Qc8 1/2-1/2

[Event "Miedzynarodowy Festiwal Szachowy VARSOVIA 2019 - grupa A"]
[Site "Warszawa"]
[Date "1899-12-30"]
[Round "6.19"]
[White "Golecki, Jan"]
[Black "Janeczko, Jakub"]
[Result "1-0"]
[WhiteTitle "I++"]
[BlackTitle "I"]
[WhiteElo "2053"]
[BlackElo "1906"]

1. d4 c5 2. d5 g6 3. c4 d6 4. Nc3 Bg7 5. e4 e6 6. f4 Ne7 7. Nf3 O-O 8. Be2 a6 9.
a4 exd5 10. cxd5 Nd7 11. O-O h6 12. Re1 Kh7 13. Bf1 Nb6 14. a5 Nd7 15. Be3 b5
16. axb6 Qxb6 17. Na4 Qb8 18. e5 Bb7 19. Rc1 Bxd5 20. exd6 Qxd6 21. Ne5 Nf5 22.
Bf2 Nxe5 23. Bxc5 Nf3+ 24. gxf3 Qd8 25. Nb6 Bb7 26. Nxa8 Qxa8 27. Bg2 Rd8 28.
Qe2 Bc6 29. Qf2 Qb7 30. b4 Rd3 31. Rcd1 Rb3 32. Rb1 Rd3 33. Qe2 Rc3 34. Rec1 Bb5
35. Qa2 Rd3 36. Bf1 Qxf3 37. Bxd3 Bxd3 38. Qf2 Qg4+ 39. Qg2 Qxf4 40. Rf1 Bxf1
41. Rxf1 Bd4+ 42. Kh1 Qe3 43. Qd5 Bxc5 44. bxc5 Kg7 45. Qc4 f6 46. c6 Nd4 47.
Qd5 Qe2 48. Rb1 h5 49. Qxd4 Qf3+ 50. Kg1 Qxc6 51. Rb6 Qc1+ 52. Kg2 Qc2+ 53. Kf3
Qf5+ 54. Qf4 Qd3+ 55. Kf2 Qc2+ 56. Ke1 Qc3+ 57. Qd2 Qe5+ 58. Kd1 g5 59. Rxa6 Qe4
60. Qd7+ Kg6 61. Qc6 Qb1+ 62. Kd2 Qb2+ 63. Qc2+ Qxc2+ 64. Kxc2 Kf5 65. Kd2 g4
66. Ra5+ Kg6 67. Ke3 h4 68. Kf4 f5 69. Rxf5 g3 70. hxg3 h3 71. Ra5 1-0

[Event "Miedzynarodowy Festiwal Szachowy VARSOVIA 2019 - grupa A"]
[Site "Warszawa"]
[Date "1899-12-30"]
[Round "6.20"]
[White "Skurniak, Szymon"]
[Black "Wikar, Martyna"]
[Result "0-1"]
[WhiteTitle "I+"]
[BlackTitle "k+"]
[WhiteElo "2030"]
[BlackElo "1978"]

1. e4 c5 2. Nf3 Nc6 3. d4 cxd4 4. Nxd4 e5 5. Nb5 a6 6. Nd6+ Bxd6 7. Qxd6 Qf6 8.
Qd1 Qg6 9. Nc3 Nge7 10. h4 h5 11. Bg5 d5 12. exd5 Nd4 13. Bd3 Bf5 14. d6 Bxd3
15. Qxd3 Qxd3 16. cxd3 Nef5 17. Rc1 Rc8 18. Kd2 Kd7 19. Be7 Nxd6 20. Bxd6 Kxd6
21. Ne4+ Kd5 22. Nc3+ Ke6 23. Na4 Kd6 24. b4 Nc6 25. Nb6 Rcd8 26. Rhe1 Ke6 27.
a3 f5 28. Ke3 f4+ 29. Kd2 Kf5 30. Re4 Rxd3+ 31. Kxd3 Rd8+ 32. Kc4 Kxe4 33. Kc5
Nd4 34. Re1+ Kd3 35. Na4 b5 36. Nb6 Nb3+ 37. Kc6 e4 38. Nd5 Rxd5 39. Kxd5 e3 40.
fxe3 fxe3 41. Kc6 Kd2 42. Rb1 Nc1 43. Kb6 Kc2 44. Ra1 e2 0-1

[Event "Miedzynarodowy Festiwal Szachowy VARSOVIA 2019 - grupa A"]
[Site "Warszawa"]
[Date "1899-12-30"]
[Round "6.21"]
[White "Siekanska, Maria"]
[Black "Szewczyk, Mariusz"]
[Result "1/2-1/2"]
[WhiteTitle "I++"]
[BlackTitle "I++"]
[WhiteElo "1773"]
[BlackElo "2022"]

1. d4 d5 2. c4 c6 3. cxd5 cxd5 4. Nc3 Nc6 5. Bf4 Nf6 6. Nf3 e6 7. e3 Bd6 8. Bg3
O-O 9. Bd3 a6 10. Ne5 Qc7 11. f4 b5 12. a3 b4 13. axb4 Nxb4 14. Bb1 Bb7 15. O-O
Ne4 16. Bh4 Nxc3 17. bxc3 Qxc3 18. Qh5 f5 19. Nd7 Rf7 20. Nb6 Rb8 21. Ba2 Bc6
22. Rac1 Qxe3+ 23. Bf2 Qxf4 24. Rxc6 Nxc6 25. Nxd5 exd5 26. Bxd5 Qxh2+ 27. Qxh2
Bxh2+ 28. Kxh2 Nb4 29. Bxf7+ Kxf7 30. g4 f4 31. Rb1 a5 32. Ra1 Rb5 33. Kg2 g5
34. Kf3 Kg6 35. Ra4 Nd3 36. Bg1 Nb2 37. Ra2 a4 38. d5 Rb3+ 39. Ke4 a3 40. d6 Kf7
41. Bc5 Na4 42. Bd4 Ke6 43. Rh2 Nc3+ 44. Bxc3 Rxc3 45. Rh6+ Kd7 46. Kd5 Rd3+ 47.
Ke5 f3 48. Rxh7+ Kc6 49. Rc7+ Kb5 50. Rc2 Kb4 51. Ke6 Kb3 52. Rf2 a2 53. Rf1 f2
54. d7 Kc3 55. Ke7 Rxd7+ 56. Kxd7 Kd3 57. Ra1 Ke4 58. Ke6 Kf4 59. Kd5 Ke3 60.
Ke5 Kd3 1/2-1/2

[Event "Miedzynarodowy Festiwal Szachowy VARSOVIA 2019 - grupa A"]
[Site "Warszawa"]
[Date "1899-12-30"]
[Round "6.22"]
[White "Harazinska, Magdalena"]
[Black "Czernek, Tymon"]
[Result "0-1"]
[WhiteTitle "WFM"]
[BlackTitle "I++"]
[WhiteElo "1994"]
[BlackElo "2097"]

1. d4 Nf6 2. c4 c5 3. d5 b5 4. Qc2 bxc4 5. e4 d6 6. Bxc4 g6 7. Nf3 Bg7 8. O-O O-O
9. Nc3 Nbd7 10. h3 Nb6 11. Be2 Bb7 12. Bf4 e6 13. dxe6 fxe6 14. e5 Nfd5 15. Bg5
Qb8 16. Nxd5 Nxd5 17. exd6 Qxd6 18. Rac1 Rac8 19. Rfe1 Kh8 20. Bc4 Rf5 21. Qe2
Re8 22. Rcd1 Qb6 23. Bd3 Nf4 24. Bxf4 Rxf4 25. Ne5 Qc7 26. f3 Bd5 27. Bxg6 Rb8
28. Bd3 c4 29. Bb1 Bxe5 30. Qxe5+ Qxe5 31. Rxe5 Rxb2 32. Re3 Rf7 33. Be4 Rc7 34.
Bxd5 exd5 35. Rc3 Rc5 36. a3 Kg7 37. f4 Kf6 38. g4 a5 39. Kf1 a4 40. Re3 Rb3 41.
Kf2 c3 42. Rde1 Rc6 43. Re5 c2 44. Rf5+ Kg6 45. Rg5+ Kf7 46. Rf5+ Rf6 47. Rxd5
Rxf4+ 48. Kg2 Rb1 49. Rd7+ Kf8 50. Rd8+ Kg7 51. Ree8 Rf7 52. g5 Kg6 53. Rg8+ Kf5
54. Rge8 c1=Q 55. Rd5+ Kg6 56. Rg8+ Rg7 57. Rd6+ Kf7 0-1

[Event "Miedzynarodowy Festiwal Szachowy VARSOVIA 2019 - grupa A"]
[Site "Warszawa"]
[Date "1899-12-30"]
[Round "6.23"]
[White "Derylo, Kamil"]
[Black "Malaczek, Mateusz"]
[Result "0-1"]
[WhiteTitle "I++"]
[BlackTitle "II+"]
[WhiteElo "1999"]
[BlackElo "2028"]

1. e4 g6 2. d4 Bg7 3. Nc3 d6 4. f4 a6 5. Nf3 b5 6. Bd3 Nd7 7. Be3 Bb7 8. O-O c5
9. a4 b4 10. Ne2 Ngf6 11. Ng3 Ng4 12. Bd2 cxd4 13. Qe2 a5 14. Bc4 O-O 15. Bxf7+
Rxf7 16. Ng5 Nh6 17. Nxf7 Nxf7 18. Qg4 Nf6 19. Qf3 Qb6 20. Kh1 Rc8 21. c3 dxc3
22. bxc3 bxc3 23. Bxc3 Rxc3 24. Qxc3 Nxe4 25. Qe1 Bxa1 26. Nxe4 Qc6 27. Qxa1 Qxe4
28. Qb2 Nh6 29. Qd2 Nf5 30. Re1 Qd5 31. Qxd5+ Bxd5 32. Kg1 Kf7 33. Rb1 Nd4 34.
Kf2 Bb3 35. Ke3 e5 36. fxe5 dxe5 37. Rc1 Bc2 38. g4 Ke6 0-1

[Event "Miedzynarodowy Festiwal Szachowy VARSOVIA 2019 - grupa A"]
[Site "Warszawa"]
[Date "1899-12-30"]
[Round "6.24"]
[White "Jarocka, Liwia"]
[Black "Rudzinska, Michalina"]
[Result "1/2-1/2"]
[WhiteTitle "FM"]
[BlackTitle "WFM"]
[WhiteElo "1907"]
[BlackElo "2005"]

1. e4 c5 2. Nf3 e6 3. d4 cxd4 4. Nxd4 a6 5. c4 Nf6 6. Nc3 Bb4 7. Qd3 Qc7 8. a3
Bxc3+ 9. Qxc3 d6 10. Bd3 e5 11. Nc2 Be6 12. Bg5 Nbd7 13. Ne3 Rc8 14. Rc1 O-O 15.
O-O Qb8 16. Bxf6 Nxf6 17. Qd2 Nd7 18. b4 b5 19. Rfd1 Nf6 20. f3 Qb6 21. Kh1 Rfd8
22. g3 Qb7 23. Kg1 h6 24. Qe2 bxc4 25. Bxc4 Bxc4 26. Rxc4 Rxc4 27. Qxc4 Rc8 28.
Qd3 Qb6 29. Kg2 Rc6 30. Rd2 Qc7 31. Nf5 Ne8 32. a4 Kh7 33. b5 axb5 34. Qxb5 Nf6
35. Qd3 Ne8 36. Ne3 Rc3 37. Qe2 Qc5 38. Nd5 Ra3 39. Ra2 Nf6 40. Rxa3 Qxa3 41.
Nxf6+ gxf6 42. Qc4 Kg7 43. g4 Qb2+ 44. Kg3 Qd2 45. Qb3 Qe1+ 46. Kg2 Qe2+ 47. Kg3
Qe1+ 48. Kg2 Qe2+ 49. Kg3 Qe1+ 1/2-1/2

[Event "Miedzynarodowy Festiwal Szachowy VARSOVIA 2019 - grupa A"]
[Site "Warszawa"]
[Date "1899-12-30"]
[Round "6.25"]
[White "Bugajski, Robert"]
[Black "Czechowski, Jakub"]
[Result "1/2-1/2"]
[WhiteTitle "FM"]
[BlackTitle "I+"]
[WhiteElo "2203"]
[BlackElo "1963"]

1. d4 Nf6 2. c4 g6 3. g3 c6 4. Bg2 d5 5. cxd5 cxd5 6. Nf3 Nc6 7. O-O Bg7 8. Nc3
O-O 9. Ne5 e6 10. Bf4 Nd7 11. Nxc6 bxc6 12. Rc1 Qb6 13. Na4 Qxd4 14. Qxd4 Bxd4
15. e3 Bg7 16. Bd6 Re8 17. Rxc6 Ne5 18. Rc7 Ba6 19. Rfc1 Nc4 20. Bc5 Nxb2 21.
Nxb2 Bxb2 22. Rb1 Be5 23. Rxa7 Rxa7 24. Bxa7 Ra8 25. Bc5 Bd3 26. Rd1 Bc2 27. Rd2
Rxa2 28. Bd4 Bxd4 29. Rxd4 Ra1+ 30. Bf1 Rd1 31. f4 Rxd4 32. exd4 f6 33. Kf2 Kf7
34. Ke3 Ke7 35. h4 h6 36. Bb5 Bd1 37. Bd3 Kf7 38. Bb5 Bg4 39. Bd3 Bf5 40. Be2
h5 41. Bb5 Ke7 42. Ba4 Kd6 43. Bb5 Kc7 44. Be2 Kb6 45. Kd2 Ka5 46. Kc3 Ka4 47.
Kb2 Kb4 48. Bf1 e5 49. fxe5 fxe5 50. dxe5 d4 51. Ba6 Kc5 52. Bb7 Kc4 53. Ba6+
Kd5 54. Kc1 Ke4 55. Kd2 Kxe5 56. Bb7 Kf6 57. Bc6 g5 58. hxg5+ Kxg5 59. Bf3 Bg6
60. Be2 Be4 61. Bd1 d3 62. Ke3 Bf5 63. Bf3 Bg4 64. Bc6 Be2 65. Bd7 Kf6 66. Be8
Kg5 67. Bd7 Bf1 68. Bc8 Kg6 69. Bd7 1/2-1/2

[Event "Miedzynarodowy Festiwal Szachowy VARSOVIA 2019 - grupa A"]
[Site "Warszawa"]
[Date "1899-12-30"]
[Round "6.26"]
[White "Zarebska, Lena"]
[Black "Jurkiewicz, Krzysztof"]
[Result "0-1"]
[WhiteTitle "I++"]
[BlackTitle "k"]
[WhiteElo "1915"]
[BlackElo "2023"]

1. e4 c5 2. Nf3 d6 3. d4 cxd4 4. Nxd4 Nf6 5. Nc3 g6 6. Be3 Bg7 7. f3 a6 8. Qd2
Nbd7 9. a4 Ne5 10. Be2 Bd7 11. g4 Rc8 12. h4 h5 13. g5 Nh7 14. f4 Nc4 15. Bxc4
Rxc4 16. O-O Qa5 17. Qf2 O-O 18. Nd5 e6 19. Ne7+ Kh8 20. f5 exf5 21. exf5 gxf5
22. b3 Rc5 23. Rad1 Qc7 24. c4 f4 25. Bxf4 Bg4 26. Nd5 Rxd5 27. cxd5 Bxd1 28.
Rxd1 Qd7 29. Kh2 Re8 30. Nf3 Nf8 31. Qg3 Re4 32. Kh1 Ng6 33. Bxd6 Rg4 34. Qh2
Qf5 35. Qe2 Re4 36. Qd3 Nxh4 37. Nxh4 Rxh4+ 38. Bh2 Qf2 0-1

[Event "Miedzynarodowy Festiwal Szachowy VARSOVIA 2019 - grupa A"]
[Site "Warszawa"]
[Date "1899-12-30"]
[Round "6.27"]
[White "Wielecki, Zygmunt"]
[Black "Hetzer, Volkhard"]
[Result "0-1"]
[WhiteTitle "k"]
[BlackTitle ""]
[WhiteElo "2095"]
[BlackElo "1927"]

1. Nf3 g6 2. d4 Bg7 3. c4 Nf6 4. Nc3 O-O 5. e4 d6 6. Bg5 h6 7. Bh4 g5 8. Bg3 Nh5
9. Be2 Bg4 10. Ng1 Nxg3 11. hxg3 Bd7 12. f4 e5 13. dxe5 dxe5 14. f5 Nc6 15. Nh3
Nd4 16. Bd3 Be8 17. Nf2 f6 18. Ng4 h5 19. Nf2 Bf7 20. Qd2 c6 21. Qe3 Qb6 22. Ncd1
Qb4+ 23. Qd2 Qxd2+ 24. Kxd2 Rfd8 25. g4 h4 26. Kc3 Bf8 27. Bf1 a5 28. a3 Bb4+
0-1

[Event "Miedzynarodowy Festiwal Szachowy VARSOVIA 2019 - grupa A"]
[Site "Warszawa"]
[Date "1899-12-30"]
[Round "7.1"]
[White "Eggink, Ryszard"]
[Black "Kislinsky, Alexey"]
[Result "1/2-1/2"]
[WhiteTitle "m"]
[BlackTitle "GM"]
[WhiteElo "2402"]
[BlackElo "2460"]

1. e4 c5 2. Nf3 g6 3. d4 cxd4 4. Nxd4 Nc6 5. Nc3 Bg7 6. Be3 Nf6 7. Bc4 O-O 8. Bb3
d6 9. f3 Bd7 10. Qd2 Na5 11. Bh6 Nxb3 12. axb3 Bxh6 13. Qxh6 Qb6 14. O-O-O a5
15. h4 a4 16. bxa4 Bxa4 17. h5 Bd7 18. hxg6 fxg6 19. Nb3 Be6 20. Nd5 Bxd5 21.
Rxd5 Rfc8 22. Rd3 Ra4 23. Qh3 Rca8 24. Qe6+ Kf8 25. Rhd1 Qf2 26. Kb1 R4a6 27.
e5 Qe2 28. f4 Ne4 29. Qh3 Nf2 30. Qh6+ Kg8 31. R3d2 Qe3 32. Rxf2 Qa7 33. c3 Qxf2
34. Rh1 Qxg2 35. Qxh7+ Kf8 36. Re1 Qd5 37. Qh6+ Ke8 38. Qxg6+ Qf7 39. Qxf7+ Kxf7
40. exd6 Rxd6 41. Nd4 Rh8 42. Re2 Kf6 43. Kc2 Rh3 44. f5 Kf7 45. Ne6 Rh5 46. Nd4
Rh3 1/2-1/2

[Event "Miedzynarodowy Festiwal Szachowy VARSOVIA 2019 - grupa A"]
[Site "Warszawa"]
[Date "1899-12-30"]
[Round "7.2"]
[White "Kokoszczynski, Jan"]
[Black "Dzida, Kamil"]
[Result "1/2-1/2"]
[WhiteTitle "k"]
[BlackTitle "k"]
[WhiteElo "2264"]
[BlackElo "2090"]

1. e4 c5 2. Nf3 d6 3. Bb5+ Bd7 4. a4 Nf6 5. d3 Nc6 6. O-O g6 7. Re1 Bg7 8. Nc3
O-O 9. Bf4 Nh5 10. Bd2 Rc8 11. h3 e6 12. Bc4 a6 13. Qc1 Qc7 14. Bh6 1/2-1/2

[Event "Miedzynarodowy Festiwal Szachowy VARSOVIA 2019 - grupa A"]
[Site "Warszawa"]
[Date "1899-12-30"]
[Round "7.3"]
[White "Czerwonski, Aleksander"]
[Black "Chomczyk, Marek"]
[Result "1-0"]
[WhiteTitle "IM"]
[BlackTitle "k++"]
[WhiteElo "2358"]
[BlackElo "2274"]

1. d4 Nf6 2. c4 e6 3. Nf3 d5 4. Bg5 Be7 5. e3 O-O 6. Nc3 b6 7. Qc2 Bb7 8. cxd5
Nxd5 9. Nxd5 Bxd5 10. Bxe7 Qxe7 11. Bd3 h6 12. O-O Rc8 13. Bh7+ Kh8 14. Be4 Na6
15. Bxd5 Nb4 16. Qa4 Nxd5 17. Qc6 Nb4 18. Qc4 c5 19. Rac1 cxd4 20. Qxc8+ Rxc8
21. Rxc8+ Kh7 22. exd4 Nxa2 23. h4 Qb7 24. Rf8 Qe7 25. Rc8 Qb7 26. Rc4 a5 27.
Ra1 Nb4 28. Rac1 Qe4 29. Rc8 Nd3 30. R1c7 Ne1 31. Rxf7 Qg6 32. Nxe1 Qxf7 33. Nf3
Qf5 34. Ne5 Qe4 35. Rd8 Qe1+ 36. Kh2 Qxf2 37. Kh3 h5 38. Nf3 Qxb2 39. Rd6 Qb3
40. Kh2 Qc4 41. Ng5+ Kg6 42. Rxe6+ Kf5 43. Re5+ Kf6 44. Ne4+ Kg6 45. d5 a4 46.
Re6+ 1-0

[Event "Miedzynarodowy Festiwal Szachowy VARSOVIA 2019 - grupa A"]
[Site "Warszawa"]
[Date "1899-12-30"]
[Round "7.4"]
[White "Kowalczyk, Rafal"]
[Black "Pacan-milej, Kosma"]
[Result "1/2-1/2"]
[WhiteTitle "k++"]
[BlackTitle "FM"]
[WhiteElo "2242"]
[BlackElo "2315"]

1. e4 c5 2. c3 d5 3. exd5 Qxd5 4. d4 Nc6 5. dxc5 Qxd1+ 6. Kxd1 e5 7. b4 a5 8. Bb5
Bd7 9. Nf3 f6 10. a3 axb4 11. Bxc6 Bxc6 12. cxb4 Ne7 13. Nc3 Nf5 14. Be3 g5 15.
h3 h5 16. Kc2 Kf7 17. Kb3 Rg8 18. Rad1 g4 19. hxg4 hxg4 20. Ne1 g3 21. b5 Be8
22. Rh7+ Rg7 23. Rxg7+ Kxg7 24. Nc2 Rc8 25. fxg3 Bf7+ 26. Kb2 Nxe3 27. Nxe3 Bxc5
28. Nf5+ Kg6 29. Nd6 Rc7 30. Nxf7 Kxf7 31. Nd5 Rd7 32. Kb3 Ke6 33. Nc3 Rxd1 34.
Nxd1 Kd5 35. a4 Kd4 36. Kc2 Bb4 37. Nf2 e4 38. Kd1 Bd6 39. Ng4 Kd3 40. Nf2+ Ke3
41. Ng4+ Kd3 42. Nf2+ Kd4 43. Ng4 1/2-1/2

[Event "Miedzynarodowy Festiwal Szachowy VARSOVIA 2019 - grupa A"]
[Site "Warszawa"]
[Date "1899-12-30"]
[Round "7.5"]
[White "Licznerski, Lukasz"]
[Black "Adamski, Jan"]
[Result "1/2-1/2"]
[WhiteTitle "FM"]
[BlackTitle "IM"]
[WhiteElo "2373"]
[BlackElo "2170"]

1. e4 c5 2. Nf3 a6 3. c3 g6 4. d4 cxd4 5. cxd4 d5 6. exd5 Nf6 7. Qb3 Bg7 8. Nc3
O-O 9. Be2 Nbd7 10. Ne5 Nb6 11. Bf3 e6 12. dxe6 Bxe6 13. Qd1 Nfd5 14. O-O Rc8
15. Ne4 Nc4 16. Nxc4 Rxc4 17. Be3 b6 18. a3 Re8 19. Re1 Rc7 20. Bg5 Qd7 21. Qd3
h6 22. Bh4 Nf4 23. Qd2 g5 24. Bg3 Qxd4 25. Bxf4 gxf4 26. Qxf4 Rd7 27. Rab1 Rde7
28. Red1 Qe5 29. Qxe5 Bxe5 30. Rd2 Bf5 31. Re1 Bxe4 32. Rxe4 Bxb2 33. Rg4+ Kf8
34. g3 Bxa3 35. Ra4 Bc5 36. Rxa6 Re1+ 37. Kg2 Kg7 38. Ra4 R8e6 39. Rd7 R1e5 40.
h4 Rd6 41. Rg4+ Rg6 42. Rf4 Rf6 43. Rg4+ Rg6 44. Ra4 Rd6 45. Rb7 Rd2 46. Rg4+
Kf8 47. Rb8+ Ke7 48. Rb7+ Kf8 49. Rb8+ Ke7 50. Rb7+ 1/2-1/2

[Event "Miedzynarodowy Festiwal Szachowy VARSOVIA 2019 - grupa A"]
[Site "Warszawa"]
[Date "1899-12-30"]
[Round "7.6"]
[White "Chyzy, Jakub"]
[Black "Vysochin, Spartak"]
[Result "0-1"]
[WhiteTitle "FM"]
[BlackTitle "GM"]
[WhiteElo "2291"]
[BlackElo "2512"]

1. e4 e6 2. d4 d5 3. Nc3 Bb4 4. e5 c5 5. Bd2 Ne7 6. Nb5 Bxd2+ 7. Qxd2 O-O 8. f4
Bd7 9. Nd6 cxd4 10. Nf3 Nbc6 11. Bd3 f6 12. O-O Qb6 13. Rae1 h6 14. exf6 Rxf6
15. Ne5 Qc7 16. Ng4 Qxd6 17. Nxf6+ gxf6 18. f5 Nxf5 19. Bxf5 exf5 20. Qxh6 Qf8
21. Qh4 Re8 22. Rxe8 Qxe8 23. Qxf6 Qe3+ 24. Kh1 Qe2 25. Qg6+ Kf8 26. Qf6+ Ke8
27. Qh8+ Ke7 28. Qh4+ Kd6 29. Re1 Qd2 30. Qg3+ f4 31. Qh4 Bf5 32. Rf1 Bxc2 33.
Qf6+ Kc5 34. Rxf4 Be4 35. Rf2 Qc1+ 36. Rf1 Qxb2 37. Qg5 Qe2 38. Rc1+ Kb6 39. Qg7
Qxa2 40. h4 Qa3 41. Qg5 Qe3 42. Rd1 Qxg5 43. hxg5 a5 44. Kg1 a4 45. Kf2 Kc5 0-1

[Event "Miedzynarodowy Festiwal Szachowy VARSOVIA 2019 - grupa A"]
[Site "Warszawa"]
[Date "1899-12-30"]
[Round "7.7"]
[White "Koziorowicz, Michal"]
[Black "Chylewski, Patryk"]
[Result "0-1"]
[WhiteTitle "k"]
[BlackTitle "FM"]
[WhiteElo "2184"]
[BlackElo "2357"]

1. e4 c5 2. Nf3 e6 3. d4 cxd4 4. Nxd4 Nc6 5. Nc3 Qc7 6. g3 a6 7. Bg2 Nf6 8. O-O
h5 9. h3 Be7 10. Re1 d6 11. Nxc6 bxc6 12. e5 dxe5 13. Rxe5 Qxe5 14. Bxc6+ Bd7
15. Bxa8 h4 16. Bf4 Qf5 17. Bg2 e5 18. Be3 hxg3 19. fxg3 Rxh3 20. Bxh3 Qxh3 21.
Qf3 Ng4 22. Bb6 Qh2+ 23. Kf1 f5 24. Qg2 Qh6 25. Ba7 e4 26. Rd1 Bc6 27. Ke2 Qh5
28. Qh1 Nh2+ 29. Kd2 e3+ 30. Kd3 Bxh1 31. Rxh1 Qf3 32. Rxh2 e2+ 33. Kd2 Bg5+ 0-1

[Event "Miedzynarodowy Festiwal Szachowy VARSOVIA 2019 - grupa A"]
[Site "Warszawa"]
[Date "1899-12-30"]
[Round "7.8"]
[White "Niekras, Dawid"]
[Black "Rahul Kumar, Pune"]
[Result "1-0"]
[WhiteTitle "FM"]
[BlackTitle ""]
[WhiteElo "2331"]
[BlackElo "2148"]

1. e4 g6 2. d4 Bg7 3. Nc3 d6 4. f4 c6 5. Nf3 d5 6. e5 h5 7. Be3 Nh6 8. h3 Qb6 9.
b3 Qa5 10. Qd2 Bf5 11. Be2 Nd7 12. O-O Qd8 13. Na4 e6 14. c4 Bf8 15. Ng5 Be7 16.
a3 Kf8 17. cxd5 cxd5 18. Nc5 Nxc5 19. dxc5 Kg7 20. b4 Qd7 21. b5 Rhd8 22. Bd4
Be4 23. g4 hxg4 24. hxg4 Rh8 25. Nxe4 dxe4 26. Qe3 Nxg4 27. Bxg4 Rh4 28. Be2 Rah8
29. Qxe4 Rh1+ 30. Kf2 R1h2+ 31. Ke3 g5 32. c6 bxc6 33. bxc6 Qd8 34. f5 R8h4 35.
Bg4 Qa5 36. Rad1 Bc5 37. Rd3 Bxd4+ 38. Rxd4 Qxa3+ 39. Qd3 R2h3+ 40. Bxh3 Rxh3+
41. Rf3 Qc1+ 42. Ke2 Rh2+ 43. Rf2 Rh1 44. Qd2 Qg1 45. fxe6 fxe6 46. Rd7+ Kh6 47.
Rf6+ Kh5 48. Rh7+ Kg4 49. Qb4+ 1-0

[Event "Miedzynarodowy Festiwal Szachowy VARSOVIA 2019 - grupa A"]
[Site "Warszawa"]
[Date "1899-12-30"]
[Round "7.9"]
[White "Kubicka, Anna"]
[Black "Goslawski, Michal"]
[Result "1/2-1/2"]
[WhiteTitle "WIM"]
[BlackTitle "k+"]
[WhiteElo "2221"]
[BlackElo "2157"]

1. d4 Nf6 2. c4 e6 3. Nc3 d5 4. cxd5 Nxd5 5. e4 Nxc3 6. bxc3 c5 7. Nf3 cxd4 8.
cxd4 Bb4+ 9. Bd2 Bxd2+ 10. Qxd2 O-O 11. Bc4 Nd7 12. O-O b6 13. Rad1 Bb7 14. Rfe1
Rc8 15. Bd3 Qe7 16. Qf4 Rfd8 17. Bb1 Rc3 18. d5 e5 19. d6 Qf6 20. Qxf6 gxf6 21.
Nh4 Nc5 22. Nf5 Kf8 23. f3 Bc8 24. Ne7 Be6 25. Nc6 Rd7 26. f4 Nb7 27. Rc1 Rxc1
28. Rxc1 Rxd6 29. fxe5 fxe5 30. Nxe5 Rd2 31. Nf3 Rb2 32. Ng5 Nc5 33. e5 h6 34.
Nxe6+ Nxe6 35. Rf1 Re2 36. Bg6 Nd8 37. e6 Rxe6 38. Bc2 Rd6 39. Bb3 Ne6 40. Rf3
Ke7 41. Re3 Rc6 42. Kf2 b5 43. Rh3 Nd4 44. Bd5 Rd6 45. Be4 b4 46. Rh5 f5 47. Bd3
Ne6 48. Bc4 Ng7 49. Rh3 Rc6 50. Bb3 a5 51. Re3+ Kf6 52. Rh3 h5 53. Rd3 Ra6 54.
Bc4 Rc6 55. Bb3 Ne6 56. Rd5 Nc5 57. Bc2 a4 58. Rxf5+ Kg7 59. Rxh5 b3 60. Bxb3
axb3 1/2-1/2

[Event "Miedzynarodowy Festiwal Szachowy VARSOVIA 2019 - grupa A"]
[Site "Warszawa"]
[Date "1899-12-30"]
[Round "7.10"]
[White "Siekanski, Janusz"]
[Black "Seemann, Jakub"]
[Result "1/2-1/2"]
[WhiteTitle "k"]
[BlackTitle "I+"]
[WhiteElo "2206"]
[BlackElo "2050"]

1. d4 Nf6 2. c4 e6 3. Nc3 Bb4 4. e3 O-O 5. Bd3 d5 6. a3 Bxc3+ 7. bxc3 dxc4 8. Bxc4
c5 9. Ne2 Qc7 10. Bd3 Nc6 11. O-O e5 12. e4 cxd4 13. cxd4 Nxd4 14. Nxd4 exd4 15.
h3 Re8 16. Qf3 Nd7 17. Bf4 Ne5 18. Qg3 Qa5 19. Bxe5 Qxe5 20. f4 Qe7 21. e5 f5
22. Qf2 Rd8 23. Rab1 Be6 24. g4 fxg4 25. f5 Bd5 26. f6 Qxe5 27. f7+ Bxf7 28. Qxf7+
Kh8 29. Rxb7 Qg3+ 30. Kh1 Qxh3+ 31. Kg1 Rg8 32. Qf5 Rae8 33. Rb2 Re3 34. Rh2 Rg3+
35. Kh1 Rxd3 36. Rxh3 Rxh3+ 37. Kg2 Rxa3 1/2-1/2

[Event "Miedzynarodowy Festiwal Szachowy VARSOVIA 2019 - grupa A"]
[Site "Warszawa"]
[Date "1899-12-30"]
[Round "7.11"]
[White "Fiszer, Bartosz"]
[Black "Bukojemski, Adam"]
[Result "1-0"]
[WhiteTitle "CM"]
[BlackTitle "k"]
[WhiteElo "2146"]
[BlackElo "2219"]

1. e4 c5 2. Nf3 e6 3. d4 cxd4 4. Nxd4 Nc6 5. Nc3 a6 6. Be2 Qc7 7. O-O b5 8. Be3
Nf6 9. a3 Bb7 10. Kh1 Ne5 11. f4 Nc4 12. Bxc4 bxc4 13. e5 Ne4 14. Bd2 f5 15. Nxe4
Bxe4 16. Bb4 Qb7 17. Qd2 h6 18. Bxf8 Rxf8 19. Rad1 Rf7 20. b3 c3 21. Qe2 g5 22.
Kg1 Ke7 23. g3 g4 24. Qc4 Rc8 25. Qb4+ Qxb4 26. axb4 Rb8 27. Kf2 Rxb4 28. Ke3
h5 29. Ra1 h4 30. Rxa6 hxg3 31. hxg3 Rh7 32. Ra4 Rxa4 33. bxa4 Rh2 34. a5 Rg2
35. Ne2 Bxc2 36. Rf2 Rxf2 37. Kxf2 Be4 38. Nxc3 Bc6 39. Ke3 Kd8 40. Kd4 Kc7 41.
Kc5 Kb7 42. Na2 Ba4 43. Nb4 Kc7 44. Nd3 Bd1 45. Nb2 Be2 46. Na4 Bf3 47. a6 Bc6
48. Nb6 Kb8 49. Kd6 1-0

[Event "Miedzynarodowy Festiwal Szachowy VARSOVIA 2019 - grupa A"]
[Site "Warszawa"]
[Date "1899-12-30"]
[Round "7.12"]
[White "Goraj, Barbara"]
[Black "Martins, David Pires Tavares"]
[Result "0-1"]
[WhiteTitle "WCM"]
[BlackTitle "IM"]
[WhiteElo "2044"]
[BlackElo "2422"]

1. e4 d6 2. d4 Nf6 3. Nc3 e5 4. Nf3 Nbd7 5. Bc4 Be7 6. O-O O-O 7. Re1 c6 8. a4
a5 9. h3 Qc7 10. Qe2 exd4 11. Nxd4 Re8 12. Bf4 Ne5 13. Bb3 Bf8 14. Rad1 g6 15.
Kh1 Nfd7 16. Bh2 Nc5 17. Ba2 Bg7 18. Qe3 Qb6 19. Nb3 Nc4 20. Qf3 Be6 21. Nxc5
dxc5 22. Bxc4 Bxc4 23. b3 Be6 24. Nb1 Rad8 25. c4 Rd4 26. Bf4 Red8 27. Na3 h6
28. Nb1 R8d7 29. Rxd4 cxd4 30. Qd3 Qc5 31. Bc1 b5 32. cxb5 cxb5 33. axb5 Rb7 34.
Ba3 Qxb5 35. Qxb5 Rxb5 36. Nd2 Bxb3 37. Rb1 Bc4 38. Rc1 Be6 39. Nf3 Rb3 40. Bd6
Bxh3 41. Nd2 Rc3 42. Ra1 Be6 43. Rxa5 Rc2 44. Bb4 Rb2 45. Ra8+ Kh7 46. Ba5 Ra2
47. Nf3 d3 48. Rd8 Rxa5 49. Rxd3 Ra4 0-1

[Event "Miedzynarodowy Festiwal Szachowy VARSOVIA 2019 - grupa A"]
[Site "Warszawa"]
[Date "1899-12-30"]
[Round "7.13"]
[White "Mikhaletz, Lubomir"]
[Black "Praczukowski, Stanislaw"]
[Result "1-0"]
[WhiteTitle "GM"]
[BlackTitle "k"]
[WhiteElo "2386"]
[BlackElo "2078"]

1. Nc3 d5 2. Nf3 Nf6 3. d3 g6 4. g3 Bg7 5. Bg2 O-O 6. O-O c5 7. a3 Nc6 8. Rb1 b6
9. b4 cxb4 10. axb4 Bb7 11. b5 Na5 12. Bd2 Rc8 13. Na2 Qc7 14. c3 e5 15. Qa4 e4
16. Nd4 Nd7 17. Nb4 Nc5 18. Qa2 Qe5 19. Ndc6 Bxc6 20. bxc6 Qh5 21. d4 Nc4 22.
dxc5 bxc5 23. g4 Qe5 24. Bf4 Qe6 25. Na6 Qxg4 26. Nc7 Qxf4 27. Nxd5 Qh4 28. Qxc4
Be5 29. f4 1-0

[Event "Miedzynarodowy Festiwal Szachowy VARSOVIA 2019 - grupa A"]
[Site "Warszawa"]
[Date "1899-12-30"]
[Round "7.14"]
[White "Kowalski, Igor"]
[Black "Malicka, Maria"]
[Result "1-0"]
[WhiteTitle "FM"]
[BlackTitle "WCM"]
[WhiteElo "2354"]
[BlackElo "2104"]

1. e4 c5 2. Nf3 d6 3. Bb5+ Nd7 4. d4 a6 5. Bxd7+ Bxd7 6. Nc3 cxd4 7. Qxd4 e5 8.
Qd3 h6 9. O-O Nf6 10. Rd1 Be7 11. a4 O-O 12. Nd2 Qc7 13. Nc4 Be6 14. Ne3 Rfd8
15. Bd2 Rac8 16. Be1 Qc6 17. f3 Rd7 18. a5 Rcd8 19. Ned5 Bxd5 20. exd5 Qc7 21.
Na4 Re8 22. Nb6 Rdd8 23. Bf2 Nd7 24. b4 g6 25. c4 f5 26. Ra2 Nf6 27. Rc2 e4 28.
Qb3 exf3 29. gxf3 Kh7 30. c5 Nh5 31. c6 Nf4 32. Kf1 Bf6 33. Nd7 Bg7 34. Bb6 Qc8
35. Qc4 Nxd5 36. Qxd5 bxc6 37. Qxd6 Be5 38. Qxc6 1-0

[Event "Miedzynarodowy Festiwal Szachowy VARSOVIA 2019 - grupa A"]
[Site "Warszawa"]
[Date "1899-12-30"]
[Round "7.15"]
[White "Stachanczyk, Jacek"]
[Black "Golecki, Jan"]
[Result "1/2-1/2"]
[WhiteTitle "IM"]
[BlackTitle "I++"]
[WhiteElo "2160"]
[BlackElo "2053"]

1. e4 c5 2. Nf3 e6 3. d4 cxd4 4. Nxd4 Nf6 5. Nc3 Nc6 6. Nxc6 bxc6 7. e5 Nd5 8.
Ne4 Qa5+ 9. Bd2 Nb4 10. f4 f5 11. Nf2 Bc5 12. c3 Qb6 13. Nh3 Nd5 14. Qb3 h6 15.
Qxb6 axb6 16. b4 Be3 17. Bc4 Ba6 18. Bxd5 1/2-1/2